LEADER 01453nam1 22003613i 4500 001 000028567 005 20120612125953.0 010 $a978-88-371-0665-2$bv. 1 010 $a978-88-371-0356-9$bv. 2 010 $a978-88-371-0334-7$bv. 3 010 $a978-88-371-0699-7$bv. 4 100 $a20120119d19851994km-y0itay50------ba 101 0 $aita 102 $aIT 105 $ay-------001yy 200 1 $aEsercitazioni di scienza delle costruzioni$fErasmo Viola 210 $aBologna$cPitagora$d1985-1994 215 $av.$cill.$d24 cm 225 2 $aLineamenti propedeutici di ingegneria 327 1 $a1. Strutture isostatiche e geometria delle masse$a2. Strutture iperstatiche e verifiche di resistenza$a3. Introduzione all'analisi probalistica delle strutture$a4. Temi d'esame 410 0$12001$aLineamenti propedeutici di ingegneria 500 10$aEsercitazioni di scienza delle costruzioni$941873 610 1 $aScienza delle costruzioni 676 $a624.17076$v21$9Tecnica delle costruzioni. Teoria delle strutture. Prontuari ed esercizi 700 1$aViola,$bErasmo$4070$0440080 801 0$aIT$bUNIPARTHENOPE$c20120219$gRICA$2UNIMARC 912 $a000028567 951 $aP1 624 E/7[I]$b43555$cPIST$d2012 951 $aP1 624 E/7[II]$b43556$cPIST$d2012 951 $aP1 624 E/7[III]$b43557$cPIST$d2012 951 $aP1 624 E/7[IV]$b43558$cPIST$d2012 996 $aEsercitazioni di scienza delle costruzioni$941873 997 $aUNIPARTHENOPE